[Event "BLR-ch sf"]
[Site "Minsk"]
[Date "2023.12.08"]
[Round "2"]
[White "Kazlou, Petr"]
[Black "Sidorenja, Radion"]
[Result "0-1"]
[WhiteElo "1302"]
[BlackElo "1650"]
[PlyCount "66"]
[EventDate "2023.12.07"]
[EventType "swiss"]
[EventRounds "9"]
[EventCountry "BLR"]
[SourceTitle "CB51_2023"]
[SourceDate "2023.12.20"]
[SourceVersion "1"]
[SourceVersionDate "2023.12.20"]
[SourceQuality "1"]

1. e4 c5 2. Nc3 Nc6 3. Bb5 g6 4. Bxc6 bxc6 5. d3 Bg7 6. Nf3 d6 7. h4 Bg4 8. Be3 Rb8 9. Qc1 Bxf3 10. gxf3 Nf6 11. Rb1 h5 12. Kf1 Nd7 13. f4 Qc7 14. Qd2 Qa5 15. d4 cxd4 16. Bxd4 e5 17. fxe5 Nxe5 18. Rh3 0-0 19. Qe2 Qb4 20. Bxa7 Rb7 21. a3 Qc4 22. Be3 Qe6 23. Rg3 Ng4 24. Bc1 f5 25. f4 Bxc3 26. Rxc3 fxe4 27. Rxc6 Rbf7 28. Kg1 e3 29. Bxe3 Nxe3 30. Re1 Rxf4 31. Rc3 Rg4+ 32. Kh1 Rxh4+ 33. Kg1 Qh3 0-1